[Event "GER-chT Federal Cup (Women)"]
[Site "Braunfels"]
[Date "2014.06.22"]
[Round "5.7"]
[White "Knof, Henrike"]
[Black "Nguyen, Ha Thanh"]
[Result "1-0"]
[WhiteElo "1574"]
[BlackElo "1479"]
[PlyCount "57"]
[EventDate "2014.06.19"]
[EventType "team-swiss"]
[EventRounds "5"]
[EventCountry "GER"]
[SourceTitle "EXT 2015"]
[Source "ChessBase"]
[SourceDate "2014.11.20"]
[SourceVersion "1"]
[SourceVersionDate "2014.11.20"]
[SourceQuality "1"]
[WhiteTeam "Schleswig Holstein (W)"]
[BlackTeam "Thueringen (W)"]
[WhiteTeamCountry "GER"]
[BlackTeamCountry "GER"]

1. e4 c5 2. Nf3 Nc6 3. d4 cxd4 4. Nxd4 g6 5. Be3 Bg7 6. Nc3 Nf6 7. f3 0-0 8. Qd2 d6 9. g4 Nd7 10. h4 Nde5 11. Be2 Bd7 12. 0-0-0 Na5 13. b3 Rc8 14. h5 Re8 15. Rdg1 f6 16. f4 Nf7 17. hxg6 hxg6 18. f5 g5 19. Ne6 Bxe6 20. fxe6 Nh8 21. Nd5 Nc6 22. Bb5 Rb8 23. Rh3 Qc8 24. Rgh1 a6 25. Nb6 Qc7 26. Qh2 Ng6 27. Bc4 Nce5 28. Nd7 Nxg4 29. Rh8+ 1-0

[Event "GER-chT Federal Cup (Women)"]
[Site "Braunfels"]
[Date "2014.06.19"]
[Round "1.7"]
[White "Knof, Henrike"]
[Black "Weis, Olga"]
[Result "0-1"]
[WhiteElo "1574"]
[BlackElo "1726"]
[PlyCount "58"]
[EventDate "2014.06.19"]
[EventType "team-swiss"]
[EventRounds "5"]
[EventCountry "GER"]
[SourceTitle "EXT 2015"]
[Source "ChessBase"]
[SourceDate "2014.11.20"]
[SourceVersion "1"]
[SourceVersionDate "2014.11.20"]
[SourceQuality "1"]
[WhiteTeam "Schleswig Holstein (W)"]
[BlackTeam "Baden (W)"]
[WhiteTeamCountry "GER"]
[BlackTeamCountry "GER"]

1. e4 c5 2. Nf3 e6 3. d4 cxd4 4. Nxd4 a6 5. Be2 Nf6 6. Nc3 Bb4 7. f3 d5 8. e5 Qc7 9. Qd3 Qxe5 10. Be3 Qc7 11. 0-0 e5 12. Nf5 Bxf5 13. Qxf5 d4 14. Bxd4 exd4 15. Ne4 Nbd7 16. Rad1 Qb6 17. Kh1 0-0 18. c3 Be7 19. Rxd4 Rfd8 20. Bd3 Nf8 21. Rxd8 Rxd8 22. Bc4 h6 23. g4 Ne6 24. h4 Nxe4 25. fxe4 Bf6 26. Bb3 Rd2 27. g5 Qd6 28. Qh3 Be5 29. gxh6 Rh2+ 0-1

[Event "Kiel op-B 26th"]
[Site "Kiel"]
[Date "2013.08.02"]
[Round "9"]
[White "Borchert, Johann"]
[Black "Knof, Henrike"]
[Result "0-1"]
[WhiteElo "1353"]
[BlackElo "1549"]
[PlyCount "44"]
[EventDate "2013.07.27"]
[EventType "swiss"]
[EventRounds "9"]
[EventCountry "GER"]
[SourceTitle "EXT 2018"]
[Source "ChessBase"]
[SourceDate "2017.10.13"]
[SourceVersion "1"]
[SourceVersionDate "2017.10.13"]
[SourceQuality "1"]

1. e4 e5 2. c3 Nf6 3. d3 Nc6 4. Nd2 d5 5. exd5 Qxd5 6. Qf3 Qd8 7. h3 Bc5 8. Ne4 Nxe4 9. dxe4 Qe7 10. h4 Bd7 11. Bb5 0-0-0 12. Be3 h5 13. Bxc6 Bxc6 14. Bxc5 Qxc5 15. Rd1 Rxd1+ 16. Kxd1 Qd6+ 17. Kc2 Rd8 18. Nh3 Qd2+ 19. Kb3 a5 20. a4 f6 21. g4 Bd7 22. Rd1 Be6+ 0-1

[Event "Kiel op-B 26th"]
[Site "Kiel"]
[Date "2013.08.02"]
[Round "8"]
[White "Knof, Henrike"]
[Black "Pape, Rainer"]
[Result "0-1"]
[WhiteElo "1549"]
[BlackElo "1849"]
[PlyCount "112"]
[EventDate "2013.07.27"]
[EventType "swiss"]
[EventRounds "9"]
[EventCountry "GER"]
[SourceTitle "EXT 2018"]
[Source "ChessBase"]
[SourceDate "2017.10.13"]
[SourceVersion "1"]
[SourceVersionDate "2017.10.13"]
[SourceQuality "1"]

1. e4 c5 2. Nf3 g6 3. d4 cxd4 4. Nxd4 Bg7 5. Be3 Nf6 6. f3 Nc6 7. Nc3 0-0 8. Qd2 d6 9. g4 Nd7 10. Nde2 Nde5 11. Bg2 Nc4 12. Qc1 Nxe3 13. Qxe3 Ne5 14. b3 Bd7 15. 0-0 Qa5 16. a3 Rac8 17. Ra2 Nxg4 18. fxg4 Bxc3 19. Nxc3 Qxc3 20. Qh6 Bxg4 21. Qh4 Be2 22. Re1 Qd2 23. Qf2 Rxc2 24. Rxc2 Qxc2 25. Rxe2 Qxb3 26. Qxa7 Rc8 27. Re1 Rc2 28. Kh1 Ra2 29. e5 Qc3 30. Rg1 Qxe5 31. Qxb7 Rxa3 32. Qb4 Ra1 33. Qc4 e6 34. Rxa1 Qxa1+ 35. Bf1 d5 36. Qb5 Kg7 37. Kg2 Qf6 38. Be2 Qf4 39. Qd3 d4 40. Qc4 e5 41. Bd3 Qd2+ 42. Kh1 Qf2 43. Qb5 Qf3+ 44. Kg1 f6 45. Be2 Qe3+ 46. Kg2 e4 47. Qb7+ Kh6 48. Qb2 f5 49. Bd1 d3 50. Qb4 Qc1 51. Qf8+ Kg5 52. Qe7+ Kf4 53. Qd6+ Ke3 54. Qg3+ Kd2 55. Qf2+ Kxd1 56. Qg1+ Kc2 0-1

[Event "Maastricht Limburg op-C 5th"]
[Site "Maastricht"]
[Date "2011.06.13"]
[Round "6"]
[White "Knof, Henrike"]
[Black "Van der Werff, Silvia"]
[Result "0-1"]
[WhiteElo "1488"]
[BlackElo "1416"]
[PlyCount "94"]
[EventDate "2011.06.10"]
[EventType "swiss"]
[EventRounds "7"]
[EventCountry "NED"]
[SourceTitle "EXT 2012"]
[Source "ChessBase"]
[SourceDate "2011.11.24"]
[SourceVersion "1"]
[SourceVersionDate "2011.11.24"]
[SourceQuality "1"]

1. e4 d5 2. exd5 Qxd5 3. Nc3 Qa5 4. d4 Nf6 5. Bc4 Bg4 6. f3 Bf5 7. Bd2 c6 8. g4 Bg6 9. h4 h6 10. Bb3 Nbd7 11. Qe2 e6 12. 0-0-0 Qc7 13. f4 0-0-0 14. h5 Bh7 15. Nh3 g6 16. hxg6 Bxg6 17. Nf2 Bg7 18. Rh3 Nb6 19. Nb5 Qd7 20. Nxa7+ Kb8 21. f5 exf5 22. Bf4+ Kxa7 23. Qd2 Ka6 24. Be6 Qe7 25. Qe2+ Ka7 26. Ra3+ Qxa3 27. bxa3 fxe6 28. Qd2 Ka6 29. Nd3 Ne4 30. Nb4+ Ka7 31. Qe1 Rxd4 32. Rxd4 Bxd4 33. Nd5 e5 34. Qa5+ Kb8 35. Nxb6 exf4 36. gxf5 f3 37. fxg6 f2 38. Nd7+ Kc8 39. Qf5 Ng3 40. Nb6+ Kb8 41. Qf4+ Ka7 42. Qxd4 f1Q+ 43. Kb2 Qb5+ 44. Ka1 Re8 45. Nd7+ c5 46. Qd2 Ne4 47. Qd5 Nc3 0-1

[Event "Maastricht Limburg op-C 5th"]
[Site "Maastricht"]
[Date "2011.06.10"]
[Round "1"]
[White "Overtoom, Reinier"]
[Black "Knof, Henrike"]
[Result "1-0"]
[WhiteElo "1668"]
[BlackElo "1488"]
[PlyCount "37"]
[EventDate "2011.06.10"]
[EventType "swiss"]
[EventRounds "7"]
[EventCountry "NED"]
[SourceTitle "EXT 2012"]
[Source "ChessBase"]
[SourceDate "2011.11.24"]
[SourceVersion "1"]
[SourceVersionDate "2011.11.24"]
[SourceQuality "1"]

1. Nc3 e5 2. e4 Nf6 3. Bc4 Bb4 4. d3 c6 5. f4 d5 6. fxe5 Ng4 7. exd5 cxd5 8. Bb5+ Nc6 9. d4 0-0 10. Nf3 Ngxe5 11. dxe5 d4 12. a3 Ba5 13. Bxc6 dxc3 14. b4 Qxd1+ 15. Kxd1 Rd8+ 16. Ke2 Bc7 17. Be4 Rb8 18. Be3 b6 19. Rad1 1-0

[Event "GER-ch U18 Girls"]
[Site "Willingen"]
[Date "2009.05.31"]
[Round "2"]
[White "Adermann, Mara"]
[Black "Knof, Henrike"]
[Result "1-0"]
[WhiteElo "1704"]
[BlackElo "1486"]
[PlyCount "60"]
[EventDate "2009.05.30"]
[EventType "swiss"]
[EventRounds "9"]
[EventCountry "GER"]
[SourceTitle "CBM 130 Extra"]
[Source "ChessBase"]
[SourceDate "2009.07.02"]
[SourceVersion "2"]
[SourceVersionDate "2009.07.15"]
[SourceQuality "1"]

1. e4 e5 2. Nf3 Nc6 3. d4 exd4 4. Nxd4 Bc5 5. c3 Nge7 6. Be3 Bb6 7. Be2 d6 8. Nd2 Bd7 9. Nc4 Ng6 10. Qd2 Nce7 11. Nxb6 axb6 12. f4 f5 13. Bd3 Qc8 14. Nf3 fxe4 15. Bxe4 Bf5 16. Bxf5 Qxf5 17. Nd4 Qe4 18. 0-0 0-0 19. g3 Nf5 20. Nxf5 Qxf5 21. a3 Rae8 22. Rae1 h5 23. Qg2 Re6 24. Qxb7 Rf7 25. Qg2 Nh4 26. Qf2 Qe4 27. Bd2 Qd5 28. Rxe6 Qxe6 29. gxh4 Rf6 30. Qf3 Qe7 1-0

[Event "Baltic Sea Cup"]
[Site "Bornholm"]
[Date "2008.08.04"]
[Round "8"]
[White "Knof, Henrike"]
[Black "Andersen, Jonas Odgaard"]
[Result "1-0"]
[WhiteElo "1477"]
[BlackElo "1000"]
[PlyCount "68"]
[EventDate "2008.07.29"]
[EventType "swiss"]
[EventRounds "10"]
[EventCountry "DEN"]
[SourceTitle "CBM 125 Extra"]
[Source "ChessBase"]
[SourceDate "2008.09.01"]
[SourceVersion "1"]
[SourceVersionDate "2008.09.01"]
[SourceQuality "1"]

1. e4 c5 2. Nf3 Nf6 3. Nc3 Nc6 4. d4 e6 5. h3 d5 6. e5 Ne4 7. Be3 c4 8. Nxe4 dxe4 9. Ng5 f6 10. exf6 Qxf6 11. Bxc4 Qf5 12. d5 exd5 13. Bxd5 Be7 14. Bxe4 Qe5 15. Qh5+ g6 16. Bxg6+ hxg6 17. Qxg6+ Kd7 18. 0-0-0+ Kc7 19. Nf7 Qf6 20. Qg3+ Ne5 21. Qxe5+ Qxe5 22. Nxe5 Be6 23. Kb1 Rh5 24. Ng6 Bg5 25. f4 Bf6 26. g4 Rb5 27. b3 Rd8 28. Rxd8 Kxd8 29. f5 Bd5 30. Rd1 Ke8 31. g5 Bc3 32. Rd3 Ba5 33. a4 Rb4 34. Rxd5 Bc7 1-0

[Event "Baltic Sea Cup"]
[Site "Bornholm"]
[Date "2008.08.01"]
[Round "5"]
[White "Knof, Henrike"]
[Black "Hein, Jacob"]
[Result "1-0"]
[WhiteElo "1477"]
[BlackElo "1603"]
[PlyCount "51"]
[EventDate "2008.07.29"]
[EventType "swiss"]
[EventRounds "10"]
[EventCountry "DEN"]
[SourceTitle "CBM 125 Extra"]
[Source "ChessBase"]
[SourceDate "2008.09.01"]
[SourceVersion "1"]
[SourceVersionDate "2008.09.01"]
[SourceQuality "1"]

1. e4 d5 2. exd5 Nf6 3. c4 e6 4. dxe6 fxe6 5. Nf3 Bb4 6. a3 Bd6 7. b4 c5 8. bxc5 Bxc5 9. d4 Be7 10. Bd3 0-0 11. Bb2 Qa5+ 12. Bc3 Qh5 13. Nbd2 Ng4 14. h3 Bf6 15. Ne4 Nd7 16. Ng3 Nxf2 17. Kxf2 Bh4 18. Qe1 Rf6 19. Kg1 Rxf3 20. gxf3 Qxf3 21. Qxe6+ Kh8 22. Be1 Bxg3 23. Be2 Qf4 24. Bxg3 Qxg3+ 25. Kf1 Rb8 26. Qe8+ 1-0

[Event "Baltic Sea Cup"]
[Site "Bornholm"]
[Date "2008.07.30"]
[Round "2"]
[White "Andersen, Harry"]
[Black "Knof, Henrike"]
[Result "1-0"]
[WhiteElo "1904"]
[BlackElo "1477"]
[PlyCount "23"]
[EventDate "2008.07.29"]
[EventType "swiss"]
[EventRounds "10"]
[EventCountry "DEN"]
[SourceTitle "CBM 125 Extra"]
[Source "ChessBase"]
[SourceDate "2008.09.01"]
[SourceVersion "1"]
[SourceVersionDate "2008.09.01"]
[SourceQuality "1"]

1. e4 e5 2. f4 exf4 3. Nf3 d6 4. d4 Bg4 5. Bxf4 Qe7 6. Nc3 Nd7 7. Bd3 0-0-0 8. Qd2 Bxf3 9. gxf3 h6 10. Nd5 Qh4+ 11. Bg3 Qh5 12. Qa5 1-0

[Event "Baltic Sea Cup"]
[Site "Bornholm"]
[Date "2008.07.30"]
[Round "3"]
[White "Knof, Henrike"]
[Black "Caceres, Cipriano Sande"]
[Result "0-1"]
[WhiteElo "1477"]
[BlackElo "1792"]
[PlyCount "44"]
[EventDate "2008.07.29"]
[EventType "swiss"]
[EventRounds "10"]
[EventCountry "DEN"]
[SourceTitle "CBM 125 Extra"]
[Source "ChessBase"]
[SourceDate "2008.09.01"]
[SourceVersion "1"]
[SourceVersionDate "2008.09.01"]
[SourceQuality "1"]

1. e4 c5 2. Nf3 g6 3. d4 cxd4 4. Nxd4 Bg7 5. Be3 a6 6. Nc3 e6 7. Bd3 Ne7 8. a3 Nbc6 9. Nde2 b5 10. 0-0 0-0 11. Qd2 d5 12. exd5 exd5 13. Bh6 Ne5 14. Bxg7 Kxg7 15. Nf4 Bb7 16. h4 Nxd3 17. cxd3 Nf5 18. h5 Qd6 19. g4 Nh4 20. f3 h6 21. Qh2 Qc5+ 22. Rf2 Nxf3+ 0-1

[Event "Schleswig Holstein-ch U18 VM"]
[Site "Neumuenster"]
[Date "2008.03.29"]
[Round "8"]
[White "Otto, Moritz"]
[Black "Knof, Henrike"]
[Result "1/2-1/2"]
[WhiteElo "1204"]
[BlackElo "1422"]
[PlyCount "42"]
[EventDate "2008.03.24"]
[EventType "swiss"]
[EventRounds "9"]
[EventCountry "GER"]
[SourceTitle "EXT 2009"]
[Source "ChessBase"]
[SourceDate "2008.11.26"]
[SourceVersion "1"]
[SourceVersionDate "2008.11.26"]
[SourceQuality "1"]

1. e4 e5 2. Nf3 Nc6 3. c3 Nf6 4. d4 exd4 5. e5 Qe7 6. cxd4 d6 7. Bb5 Bd7 8. Bxc6 Bxc6 9. Bg5 0-0-0 10. 0-0 Bxf3 11. Qxf3 dxe5 12. Qf5+ Qe6 13. Qxe6+ fxe6 14. dxe5 h6 15. Bxf6 gxf6 16. exf6 Bd6 17. Nc3 Rdf8 18. Ne4 Be5 19. Rab1 Bxf6 20. Nxf6 Rxf6 21. Rbd1 Rg6 1/2-1/2

[Event "GER-ch U16 Girls"]
[Site "Willingen"]
[Date "2007.05.30"]
[Round "7"]
[White "Mijatovic, Andrea"]
[Black "Knof, Henrike"]
[Result "1-0"]
[WhiteElo "1826"]
[BlackElo "1358"]
[PlyCount "27"]
[EventDate "2007.05.26"]
[EventType "swiss"]
[EventRounds "9"]
[EventCountry "GER"]
[SourceTitle "CBM 118 Extra"]
[Source "ChessBase"]
[SourceDate "2007.07.04"]
[SourceVersion "1"]
[SourceVersionDate "2007.07.04"]
[SourceQuality "1"]

1. e4 e5 2. Nf3 Nc6 3. d4 exd4 4. Bc4 Nf6 5. 0-0 Nxe4 6. Re1 d5 7. Bxd5 Qxd5 8. Nc3 Qf5 9. Nxe4 Be6 10. Nxd4 Nxd4 11. Qxd4 Be7 12. Qxg7 0-0-0 13. Qc3 Qxe4 14. Rxe4 1-0

[Event "GER-ch U16 Girls"]
[Site "Willingen"]
[Date "2007.05.27"]
[Round "2"]
[White "Knof, Henrike"]
[Black "Glatting, Lisa"]
[Result "1-0"]
[WhiteElo "1358"]
[BlackElo "1779"]
[PlyCount "95"]
[EventDate "2007.05.26"]
[EventType "swiss"]
[EventRounds "9"]
[EventCountry "GER"]
[SourceTitle "CBM 118 Extra"]
[Source "ChessBase"]
[SourceDate "2007.07.04"]
[SourceVersion "1"]
[SourceVersionDate "2007.07.04"]
[SourceQuality "1"]

1. e4 e5 2. Nf3 Nc6 3. Bb5 a6 4. Ba4 Nf6 5. d3 b5 6. Bb3 Be7 7. c3 d6 8. 0-0 0-0 9. Nbd2 h6 10. Re1 Re8 11. Nf1 Bf8 12. Ne3 Ne7 13. Qc2 Bb7 14. Nh4 g6 15. Nf1 Bg7 16. d4 Qd7 17. Ng3 Ng4 18. h3 Nf6 19. dxe5 dxe5 20. c4 Rad8 21. cxb5 axb5 22. a4 c6 23. a5 Ra8 24. Nf3 Qc7 25. Qc3 Nd7 26. Be3 c5 27. Qd2 g5 28. h4 g4 29. Nh2 c4 30. Bc2 h5 31. Nxh5 Qc6 32. Nxg7 Kxg7 33. Nxg4 Rg8 34. h5 Kf8 35. f3 Nf6 36. Nxe5 Qe6 37. Qd4 Nc6 38. Qc5+ Kg7 39. h6+ Kh7 40. Nxc6 Bxc6 41. e5+ Kh8 42. exf6 Qh3 43. Bg5 Qg3 44. Qxc6 Rac8 45. Qe4 Rg6 46. Qf5 Rd8 47. Re2 Qxg5 48. Qxg5 1-0

[Event "GER-chT U20 Girls"]
[Site "Naunhof"]
[Date "2005.12.30"]
[Round "7.2"]
[White "Krause Molle, Zarela"]
[Black "Knof, Henrike"]
[Result "1-0"]
[WhiteElo "1600"]
[BlackElo "1286"]
[PlyCount "49"]
[EventDate "2005.12.27"]
[EventType "team-swiss"]
[EventRounds "7"]
[EventCountry "GER"]
[SourceTitle "CBM 110 Extra"]
[Source "ChessBase"]
[SourceDate "2006.03.10"]
[SourceVersion "2"]
[SourceVersionDate "2006.03.10"]
[SourceQuality "1"]

1. e4 e5 2. Nf3 Nc6 3. Bc4 Nf6 4. d3 h6 5. Nc3 Bc5 6. Be3 Bb6 7. Qd2 d6 8. h3 Na5 9. Bb3 Nxb3 10. axb3 c6 11. 0-0-0 Ba5 12. g4 Nxg4 13. hxg4 Bxg4 14. Rdg1 Bxf3 15. Rh3 Bxc3 16. bxc3 Qf6 17. Rgg3 Bxe4 18. dxe4 0-0-0 19. Bxa7 c5 20. Bb6 Rdg8 21. Rd3 Qe6 22. Rhg3 c4 23. Rxd6 Qe7 24. Qd5 g5 25. Qc5+ 1-0

[Event "GER-chT U20 Girls"]
[Site "Naunhof"]
[Date "2005.12.28"]
[Round "4.2"]
[White "Knof, Henrike"]
[Black "Rummer, Evi"]
[Result "0-1"]
[WhiteElo "1286"]
[BlackElo "1453"]
[PlyCount "68"]
[EventDate "2005.12.27"]
[EventType "team-swiss"]
[EventRounds "7"]
[EventCountry "GER"]
[SourceTitle "CBM 110 Extra"]
[Source "ChessBase"]
[SourceDate "2006.03.10"]
[SourceVersion "2"]
[SourceVersionDate "2006.03.10"]
[SourceQuality "1"]

1. e4 e5 2. Nf3 Nc6 3. Bb5 Bc5 4. 0-0 d6 5. h3 Nf6 6. d3 h6 7. c3 0-0 8. b4 Bb6 9. Nbd2 a5 10. a3 axb4 11. cxb4 Nxb4 12. Bb2 Nc6 13. Nc4 Ba7 14. Ne3 Ne7 15. Nh4 c6 16. Ba4 Qc7 17. Qf3 Bxe3 18. fxe3 Rxa4 19. Nf5 Nxf5 20. exf5 Qe7 21. e4 d5 22. Qd1 Ra5 23. Bc3 Qc5+ 24. Kh1 Qxc3 25. g4 dxe4 26. Rg1 Qxd3 27. Qxd3 exd3 28. h4 Ne4 29. g5 hxg5 30. hxg5 Bxf5 31. Rg2 d2 32. Kg1 Rd8 33. Rd1 Rxa3 34. g6 Bxg6 0-1

[Event "GER-chT U20 Girls"]
[Site "Naunhof"]
[Date "2005.12.27"]
[Round "1.2"]
[White "Reiske, Anne"]
[Black "Knof, Henrike"]
[Result "1-0"]
[WhiteElo "1723"]
[BlackElo "1286"]
[PlyCount "79"]
[EventDate "2005.12.27"]
[EventType "team-swiss"]
[EventRounds "7"]
[EventCountry "GER"]
[SourceTitle "CBM 110 Extra"]
[Source "ChessBase"]
[SourceDate "2006.03.10"]
[SourceVersion "2"]
[SourceVersionDate "2006.03.10"]
[SourceQuality "1"]

1. e4 e5 2. Nf3 Nc6 3. Bc4 Bc5 4. d3 h6 5. Nc3 d6 6. Be3 Bxe3 7. fxe3 Nf6 8. Qd2 Bg4 9. 0-0-0 Na5 10. Bb3 Nxb3+ 11. axb3 c6 12. Rhg1 Qa5 13. Qf2 Qa1+ 14. Kd2 Qxb2 15. Ra1 Be6 16. Rgb1 Ng4 17. Qg3 Qxb1 18. Rxb1 0-0 19. h3 Nf6 20. Qf2 b5 21. g4 Nh7 22. Rg1 f6 23. Qh2 a5 24. Qh1 a4 25. Ra1 a3 26. Qc1 b4 27. Na2 Rab8 28. Qf1 c5 29. Qe2 Rfd8 30. Qe1 d5 31. exd5 Bxd5 32. e4 Be6 33. Qe3 Rdc8 34. Ke2 Rc7 35. Rg1 c4 36. dxc4 Bxc4+ 37. bxc4 Rxc4 38. Qb3 Rbc8 39. Nd2 Rb8 40. Qxc4+ 1-0

[Event "GER-ch U14 Girls"]
[Site "Willingen"]
[Date "2005.05.17"]
[Round "5"]
[White "Knof, Henrike"]
[Black "Schultheiss, Vera"]
[Result "1/2-1/2"]
[WhiteElo "1068"]
[BlackElo "1115"]
[PlyCount "76"]
[EventDate "2005.05.14"]
[EventType "swiss"]
[EventRounds "9"]
[EventCountry "GER"]
[SourceTitle "CBM 106 Extra"]
[Source "ChessBase"]
[SourceDate "2005.07.01"]
[SourceVersion "1"]
[SourceVersionDate "2005.07.01"]
[SourceQuality "1"]

1. e4 e5 2. Nf3 Nc6 3. Bb5 d6 4. h3 Bd7 5. d3 Nf6 6. Bg5 h6 7. Be3 a6 8. Ba4 Ne7 9. Bxd7+ Qxd7 10. Nbd2 Ng6 11. c3 Nf4 12. Bxf4 exf4 13. 0-0 g5 14. e5 dxe5 15. Nxe5 Qf5 16. Re1 Be7 17. Qe2 Ng8 18. Qf3 0-0-0 19. a4 Bd6 20. Ndc4 Bxe5 21. Nxe5 Rh7 22. b4 f6 23. g4 Qe6 24. Nc4 Qd5 25. Qxd5 Rxd5 26. d4 Re7 27. Rxe7 Nxe7 28. Re1 Kd7 29. Kg2 b5 30. Nb2 f5 31. Rh1 fxg4 32. hxg4 Ng8 33. a5 Rd6 34. Nd3 Kc8 35. Re1 Nf6 36. Kf3 Rc6 37. Nc5 Kd8 38. Rc1 Ke7 1/2-1/2

[Event "GER-ch U14 Girls"]
[Site "Willingen"]
[Date "2005.05.16"]
[Round "4"]
[White "Backer, Julia"]
[Black "Knof, Henrike"]
[Result "1-0"]
[WhiteElo "1533"]
[BlackElo "1068"]
[PlyCount "83"]
[EventDate "2005.05.14"]
[EventType "swiss"]
[EventRounds "9"]
[EventCountry "GER"]
[SourceTitle "CBM 106 Extra"]
[Source "ChessBase"]
[SourceDate "2005.07.01"]
[SourceVersion "1"]
[SourceVersionDate "2005.07.01"]
[SourceQuality "1"]

1. e4 e5 2. Nf3 Nc6 3. Bb5 Bc5 4. 0-0 Nf6 5. Nxe5 Nxe4 6. Qe2 Nxe5 7. Qxe4 Bd6 8. d4 Qe7 9. dxe5 Bxe5 10. Re1 f6 11. Nc3 c6 12. Bd3 d5 13. Qe2 Bd7 14. f4 Bd6 15. Qxe7+ Bxe7 16. Bd2 h6 17. Nxd5 cxd5 18. Bb4 0-0-0 19. Bxe7 Rde8 20. Bc5 f5 21. Rxe8+ Rxe8 22. Bxa7 Kc7 23. Bf2 g5 24. fxg5 hxg5 25. Re1 Ra8 26. a3 f4 27. Re5 g4 28. Rxd5 Rg8 29. Kf1 Rh8 30. Rd4 Rxh2 31. Rxf4 Rh1+ 32. Bg1 Rh8 33. Kf2 Rg8 34. Kg3 Re8 35. Bf5 Bxf5 36. Rxf5 Re2 37. Rc5+ Kd6 38. Rc4 Kd5 39. Rxg4 Rxc2 40. Bd4 Rd2 41. Bc3 Rd3+ 42. Kh4 1-0

[Event "GER-ch U14 Girls"]
[Site "Willingen"]
[Date "2005.05.15"]
[Round "1"]
[White "Knof, Henrike"]
[Black "Mertens, Pauline"]
[Result "0-1"]
[WhiteElo "1068"]
[BlackElo "1505"]
[PlyCount "86"]
[EventDate "2005.05.14"]
[EventType "swiss"]
[EventRounds "9"]
[EventCountry "GER"]
[SourceTitle "CBM 106 Extra"]
[Source "ChessBase"]
[SourceDate "2005.07.01"]
[SourceVersion "1"]
[SourceVersionDate "2005.07.01"]
[SourceQuality "1"]

1. e4 c5 2. Nf3 d6 3. d4 cxd4 4. Nxd4 Nf6 5. Nc3 a6 6. f3 e5 7. Nb3 Be6 8. Nd5 Bxd5 9. exd5 Be7 10. Be3 Nbd7 11. Qd2 Qc7 12. 0-0-0 Rc8 13. Kb1 Nb6 14. Bxb6 Qxb6 15. g4 Nd7 16. Bg2 Nc5 17. Nxc5 Qxc5 18. Rc1 b5 19. h4 0-0 20. f4 b4 21. f5 a5 22. g5 a4 23. h5 Qc4 24. f6 gxf6 25. gxf6 Bxf6 26. Bh3 Qf4 27. Qg2+ Qg5 28. Qxg5+ Bxg5 29. Rhg1 h6 30. Bxc8 Rxc8 31. b3 axb3 32. axb3 f5 33. Kb2 Rc5 34. Rcd1 Kf7 35. Rg3 e4 36. c4 bxc3+ 37. Rxc3 Bf6 38. Rdc1 Rxd5 39. b4 f4 40. Kc2 Bxc3 41. Kxc3 f3 42. Kc4 Rxh5 43. b5 Rc5+ 0-1